<?xml version="1.0" encoding="UTF-8"?>
<record
    xmlns:xsi="http://www.w3.org/2001/XMLSchema-instance"
    xsi:schemaLocation="http://www.loc.gov/MARC21/slim http://www.loc.gov/standards/marcxml/schema/MARC21slim.xsd"
    xmlns="http://www.loc.gov/MARC21/slim">

  <leader>01240cam a2200277   4500</leader>
  <controlfield tag="008">060503s2003    mx            000 0 spa u</controlfield>
  <datafield tag="020" ind1=" " ind2=" ">
    <subfield code="a">9707040599</subfield>
  </datafield>
  <datafield tag="035" ind1=" " ind2=" ">
    <subfield code="a">a453388</subfield>
  </datafield>
  <datafield tag="100" ind1="1" ind2=" ">
    <subfield code="a">P&#xE9;rez Alcal&#xE1;  Socorro Mar&#xED;a del</subfield>
  </datafield>
  <datafield tag="111" ind1="1" ind2=" ">
    <subfield code="a">Memoria (XI  Encuentro Internacional de Educaci&#xF3;n a Distancia,</subfield>
    <subfield code="d">2002, ;</subfield>
    <subfield code="c">Guadalajara ;M&#xE9;xico)</subfield>
  </datafield>
  <datafield tag="245" ind1=" " ind2="0">
    <subfield code="a">Aprender juntos a vivir la diversidad :</subfield>
    <subfield code="b"> XI Encuentro de educaci&#xF3;n a Distancia :</subfield>
    <subfield code="b">(Memoria: ,/</subfield>
    <subfield code="c">Mar&#xED;a del Socorro P&#xE9;rez Alcal&#xE1; ,Mar&#xED;a Gloria Ortiz Ortiz ,Adriana Margarita Pacheco Cort&#xE9;s, coords.</subfield>
  </datafield>
  <datafield tag="250" ind1=" " ind2=" ">
    <subfield code="a">1a. ed.</subfield>
  </datafield>
  <datafield tag="260" ind1=" " ind2=" ">
    <subfield code="a">Mexico;</subfield>
    <subfield code="b">A.N.U.I.E.S.;</subfield>
    <subfield code="c">2003</subfield>
  </datafield>
  <datafield tag="440" ind1=" " ind2=" ">
    <subfield code="a">Colecci&#xF3;n :Innovaci&#xF3;n educativa y nuevas tecnolog&#xED;as.</subfield>
  </datafield>
  <datafield tag="505" ind1=" " ind2=" ">
    <subfield code="a">presentaci&#xF3;n ,conferencias magistrales...</subfield>
  </datafield>
  <datafield tag="506" ind1=" " ind2=" ">
    <subfield code="a">rec bib</subfield>
  </datafield>
  <datafield tag="650" ind1=" " ind2="4">
    <subfield code="a">Educaci&#xF3;n a Distancia </subfield>
    <subfield code="x">Evaluaci&#xF3;n</subfield>
  </datafield>
  <datafield tag="650" ind1=" " ind2="4">
    <subfield code="a">Tecnolog&#xED;a </subfield>
    <subfield code="x">Innovaci&#xF3;n</subfield>
  </datafield>
  <datafield tag="700" ind1="1" ind2=" ">
    <subfield code="a">P&#xE9;rez Alcala Mar&#xED;a del Socorro, </subfield>
    <subfield code="e">comp.</subfield>
  </datafield>
  <datafield tag="700" ind1="1" ind2=" ">
    <subfield code="a">Ortiz Ortiz Mar&#xED;a Gloria </subfield>
    <subfield code="e">comp.</subfield>
  </datafield>
  <datafield tag="700" ind1="1" ind2=" ">
    <subfield code="a">Pacheco Cort&#xE9;s Adriana Margarita, </subfield>
    <subfield code="e">comp.</subfield>
  </datafield>
  <datafield tag="700" ind1="1" ind2=" ">
    <subfield code="a">Asociaci&#xF3;n Nacional de Universidades e Instituciones de Educaci&#xF3;n Superior </subfield>
    <subfield code="e">colab.</subfield>
  </datafield>
  <datafield tag="700" ind1=" " ind2=" ">
    <subfield code="a">Universidad de Guadalajara, </subfield>
    <subfield code="e">colab.</subfield>
  </datafield>
  <datafield tag="942" ind1=" " ind2=" ">
    <subfield code="2">lcc</subfield>
    <subfield code="c">LIB</subfield>
  </datafield>
  <datafield tag="999" ind1=" " ind2=" ">
    <subfield code="c">135187</subfield>
    <subfield code="d">135187</subfield>
  </datafield>
  <datafield tag="952" ind1=" " ind2=" ">
    <subfield code="1">0</subfield>
    <subfield code="2">lcc</subfield>
    <subfield code="4">0</subfield>
    <subfield code="7">0</subfield>
    <subfield code="a">UCIH</subfield>
    <subfield code="b">UCIH</subfield>
    <subfield code="c">GENERAL</subfield>
    <subfield code="d">2017-06-29</subfield>
    <subfield code="f">1a. ed.</subfield>
    <subfield code="h">BCU000019332</subfield>
    <subfield code="k">EH</subfield>
    <subfield code="o">LE7 M4 2003</subfield>
    <subfield code="p">BCU000019332</subfield>
    <subfield code="r">2017-06-29 00:00:00</subfield>
    <subfield code="t">1</subfield>
    <subfield code="y">LIB</subfield>
  </datafield>
</record>
